Statistics for Coastal States

Click here to take the quiz!

General Stats

  • This quiz has been taken 64 times
    (48 since last reset)
  • The average score is 22 of 23

Answer Stats

State% Correct
Alaska
100%
California
100%
Florida
100%
Hawaii
100%
Maine
100%
Massachusetts
100%
New Hampshire
100%
New York
100%
Oregon
100%
Rhode Island
100%
Virginia
100%
Washington
100%
Alabama
92%
Connecticut
92%
Georgia
92%
Louisiana
92%
Maryland
92%
Mississippi
92%
New Jersey
92%
North Carolina
92%
South Carolina
92%
Texas
92%
Delaware
83%

Score Distribution

Percentile by Number Answered

Percent of People with Each Score

Your Score History

You have not taken this quiz since the last reset